000
00224nam a2200097Ia 4500
008
190911s9999||||xx |||||||||||||| ||und||
100
_a
Elizabeth Hill
245
0
_a
Marketing
260
_a
London
_b
Pearson
_c
1999
300
_a
428
999
_c
7035
_d
7035